Computer organization and design : the hardware/software interface (Record no. 176853)
[ view plain ]
| 000 -LEADER | |
|---|---|
| fixed length control field | 00532nam a2200181Ia 4500 |
| 008 - FIXED-LENGTH DATA ELEMENTS--GENERAL INFORMATION | |
| fixed length control field | 231217s9999 xx 000 0 und d |
| 020 ## - INTERNATIONAL STANDARD BOOK NUMBER | |
| International Standard Book Number | 81-8147-534-8 |
| 041 ## - LANGUAGE CODE | |
| Language code of text/sound track or separate title | English |
| 082 ## - DEWEY DECIMAL CLASSIFICATION NUMBER | |
| Classification number | 001.642 PAT R |
| 100 ## - MAIN ENTRY--PERSONAL NAME | |
| Personal name | Patterson, David A Hennessy, John L |
| 245 #0 - TITLE STATEMENT | |
| Title | Computer organization and design : the hardware/software interface |
| 250 ## - EDITION STATEMENT | |
| Edition statement | 3rd ed. |
| 260 ## - PUBLICATION, DISTRIBUTION, ETC. | |
| Date of publication, distribution, etc. | 2005 |
| Name of publisher, distributor, etc. | Elsevier |
| Place of publication, distribution, etc. | New Delhi |
| 300 ## - PHYSICAL DESCRIPTION | |
| Extent | xvii+621 |
| 300 ## - PHYSICAL DESCRIPTION | |
| Dimensions | CD2442 |
| 650 ## - SUBJECT ADDED ENTRY--TOPICAL TERM | |
| Topical term or geographic name entry element | Computer,organization,:,hardware/software,interface |
| 942 ## - ADDED ENTRY ELEMENTS (KOHA) | |
| Koha item type | Books |
| Date last seen | Total checkouts | Full call number | Accession number | Cost, total (INR) price | Price effective from | Category | Lost status | Damaged status | Department | Withdrawn status | Home library | Current library | Shelving location | Entry date | Vendor | Cost, normal purchase price | Grants | Billnumber | Billdate | Currency symbol | Conversion rate | Discount | Old discount |
|---|---|---|---|---|---|---|---|---|---|---|---|---|---|---|---|---|---|---|---|---|---|---|---|
| 26/01/2024 | 001.642 PAT R | 39897 | 296.25 | 26/01/2024 | Books | CS | Central Library | Central Library | CS | 30/12/2005 | Book Paradise | 395.00 | CS | 809226 | 18/10/2004 | RS | 1 | 98.75 | 25 | ||||
| 26/01/2024 | 001.642 PAT | 39926 | 316.00 | 26/01/2024 | Books | Central Library | Central Library | Central Library | Central Library | 03/01/2006 | Tata Book House | 395.00 | TC | 1623 | 18/10/2004 | RS | 1 | 79 | 20 |
